Los desafíos del desarrollo humano desde una perspectiva de género /

Uloženo v:
Podrobná bibliografie
Hlavní autor: Piola, María Eugenia
Médium: Text
Tagy: Přidat tag
Žádné tagy, Buďte první, kdo vytvoří štítek k tomuto záznamu!

MARC

LEADER 00000 a a2200000 04500
001 16765
003
040
100 |a Piola, María Eugenia  
245 |a Los desafíos del desarrollo humano desde una perspectiva de género /  |c María Eugenia Piola 
773 |g volumen 36, número 106; páginas 145-162  
999 |c 25798  |d 25798